000 00466nam a2200193Ia 4500
005 20250423095201.0
008 250422s9999 xx 000 0 und d
020 _a0-03--050858-4
050 _aPE 1408 .K66/
100 _aKinneavy, James L.
245 0 _aElements of writing : introductory course
250 _arev. ed.
260 _aFlorida
260 _bHolt Rinhearth Winston
260 _c1998
300 _a821 p
650 _aEnglish
942 _cBK
999 _c29498
_d29498